Statistics for Women Composers

Click here to take the quiz!

General Stats

  • This quiz has been taken 65 times
  • The average score is 5 of 16

Answer Stats

HintAnswer% Correct
1098-1179, Ordo VirtutumHildegard of Bingen
88%
1619-1677, Cantate e arietteBarbara Strozzi
58%
1857-1944, Concertino for FluteCecile Chaminade
50%
1805-1847, Das JahrFanny Mendelssohn-Hensel
50%
1931- , OffertoriumSofia Gubaidulina
43%
1886-1979, Viola SonataRebecca Clarke
40%
1804-1875, NonettoLouise Farrenc
30%
1587- c.1640, La liberazione di RuggieroFrancesca Caccini
28%
1858-1944, The WreckersEthel Smyth
25%
1665-1729, Cantatae francoises sur des sujet tirez de l'EcritureElisabeth Claude Jacquet de la Guerre
15%
1847-1903, Hero et LeandreAugusta Holmes
13%
1906-1983, QuincunxElizabeth Lutyens
13%
c.1640-1720, Psalms of DavidAntonia Bembo
8%
1602-1678, MotetsChiara Margarita Cozzolani
8%
1951- , River beneath the RiverLois Vierk
8%
c.1540-c.1590, MadrigalsMaddalena Casulana
8%

Score Distribution

Percentile by Number Answered

Percent of People with Each Score

Your Score History

You have not taken this quiz